| 000 | 00572nam a2200169Ia 4500 | ||
|---|---|---|---|
| 008 | 220216s9999 xx 000 0 und d | ||
| 100 | _aSreelatha S | ||
| 245 | 0 | _aLatex regeneration mechanism in Hevea: Role of lutoid membrane transport and protein synthesis | |
| 260 | _bPLACROSYM XXI. International Symposium on Plantation Crops, 10-12 December 2014, Kozhikode, India, pp. 68. Abstracts. | ||
| 700 | _aAnnamalainathan K | ||
| 700 | _aJacob J | ||
| 700 | _aKrishnakumar R | ||
| 700 | _aMercykutty V C | ||
| 700 | _aMydin K K | ||
| 700 | _aSimon S P | ||
| 942 | _cBS | ||
| 999 |
_c50549 _d50549 |
||